000 00329nam a22001097a 4500
005 20251108175806.0
008 250721s1970 xx 000 0 eng d
245 1 0 _aMONTHLY PAYMENT DIRECT REDUCTION LOAN AMORTIZATION SCHEDULES /
264 1 _aLONDON :
_bFINANCIAL PUBLISHING COMPANY,
_c1970.
942 _2ddc
_cBK
999 _c142544
_d142544